01849cam a2200301 a 45000010008000000030004000080050017000120080041000290100017000700200015000870400022001020500014001240600021001380820017001592450071001762460035002472500012002822600030002943000046003245040064003705050942004346500024013766500028014006500024014286500047014526500024014997000024015231652517OSt20231031164519.0970507s1998 moua b 001 0 eng c a 97014864  a0815127766 aDNLM/DLCcLCdDLC00aRT48.H38 10aWB 200 H434 199700a616.07/522100aHealth & physical assessment /cViolet H. Barkauskas ... [et al.].3 aHealth and physical assessment a2nd ed. aSt. Louis:bMosby,c1998. axiv, 797 p. :bill. (some col.) ;c29 cm. aIncludes bibliographical references (p. 764-773) and index. aContents: Taking the health history: Clinical reasoning in determining health status -- Interviewing skills and techniques -- The health history -- Holistic assessment: Developmental assessment across the life span -- Nutritional assessment -- Sleep assessment -- Cultural considerations in health assessment -- Physical assessment: Assessment techniques -- General assessment, including vital signs -- Skin, hair and nails -- Face, head, neck and regional lymphatics -- Eyes -- Ears, nose, mouth and throat -- Breasts and regional lymphatics -- Respiratory system -- Cardiovascular system -- Abdomen -- Musculoskeletal system -- Neurological system, including mental status -- Male genitalia -- Female genitalia -- Anus and rectosigmoid region -- Integration of the physical assessment and documentation -- Assessing special populations: Pregnant clients -- Pediatric clients -- Aging clients -- Clients with functional limitations --  0aNursing assessment. 0aMedical history taking. 0aPhysical diagnosis.12aPhysical Examinationxnurses' instruction.22aNursing Assessment.1 aBarkauskas, Violet.